000 00606cab a2200229 4500
001 ABS59507
008 090401t1998 xxu||||| |||| 00| 0 eng d
035 _a(Sirsi) u89299
041 _aeng
100 _aSantry, C.
245 _aExtra time in the stadium boom
260 _c1998
350 _a0
490 _aContract Journal
_v395(6197) 14 October 1998, 22-27(4)
520 _aReview of the healthy sports stadia market.
650 _aCONSTRUCTION WORKLOAD
650 _aLOTTERY GRANTS
650 _aSPORTS STADIA
690 _aLEISURE AND RECREATION
942 _n0
948 _c27/10/1998
999 _c56479
_d56479